Hardest TDs quiz I guess - Statistics

General Stats
  • This quiz has been taken 742 times
  • The average score is 5 of 9
Answer Stats
Question Answer % Correct
What was slasher's old name Shredder
91%
Who has m61 Vulcan Mini gunner
82%
__________ mined curruption Void miner
82%
Which skin is the most famous Green scout
59%
Who has an ak-47 Crook boss
46%
What was the reward supposed if u beat hw (hidden wave) Void miner
45%
What was militants old name and what it used to do John (gave 50%dmg buff)
37%
What is the worst golden skin (according to buff) Solder
30%
For how much time mecha base was in the game (for public I think) 2 months
25%
No matching quizzes found
Score Distribution
Percent of People with Each Score
Percentile by Number Answered
Your Score History
You have not taken this quiz